<?xml version="1.0" encoding="UTF-8"?>
<collection xmlns="http://www.loc.gov/MARC21/slim">
<record>
  <controlfield tag="001">170999</controlfield>
  <controlfield tag="005">20260430151736.0</controlfield>
  <datafield tag="024" ind1="7" ind2=" ">
    <subfield code="2">doi</subfield>
    <subfield code="a">10.5944/reop.vol.37.num.1.2026.43180</subfield>
  </datafield>
  <datafield tag="024" ind1="8" ind2=" ">
    <subfield code="2">sideral</subfield>
    <subfield code="a">148998</subfield>
  </datafield>
  <datafield tag="037" ind1=" " ind2=" ">
    <subfield code="a">ART-2026-148998</subfield>
  </datafield>
  <datafield tag="041" ind1=" " ind2=" ">
    <subfield code="a">spa</subfield>
  </datafield>
  <datafield tag="100" ind1=" " ind2=" ">
    <subfield code="a">Cid Romero, Esperanza</subfield>
    <subfield code="u">Universidad de Zaragoza</subfield>
    <subfield code="0">(orcid)0000-0002-2816-6024</subfield>
  </datafield>
  <datafield tag="245" ind1=" " ind2=" ">
    <subfield code="a">Repensar la evaluación psicopedagógica, entre el modelo clínico y el modelo inclusivo</subfield>
  </datafield>
  <datafield tag="260" ind1=" " ind2=" ">
    <subfield code="c">2026</subfield>
  </datafield>
  <datafield tag="520" ind1="3" ind2=" ">
    <subfield code="a">Los y las profesionales de la Orientación Educativa (OE) tienen, entre sus funciones, identificar las necesidades educativas del alumnado. Para ello, la evaluación psicopedagógica se significa como un sistema de recogida de información en el que intervienen los y las profesionales de la OE y el profesorado. Este proceso puede realizarse desde un modelo clínico centrado en el diagnóstico o desde un modelo inclusivo centrado en la identificación de barreras. El propósito de este trabajo es explorar las percepciones que el profesorado tiene en torno a la evaluación psicopedagógica como recurso para atender a la diversidad. El estudio se desarrolla a través de una metodología cuantitativa. El instrumento de recogida de información ha sido un cuestionario ad hoc, que fue cumplimentado por 442 docentes de todas las etapas educativas de la Comunidad Autónoma de Aragón. Los resultados muestran que el profesorado hace una valoración positiva de la evaluación psicopedagógica como recurso educativo para atender a la diversidad. No existe un perfil de profesorado que pida más o menos evaluaciones psicopedagógicas a los servicios de orientación, pero sí que se han encontrado rasgos característicos que condicionan las peticiones de evaluaciones psicopedagógicas. En conclusión, la evaluación psicopedagógica sigue siendo un recurso demandado por parte del profesorado para atender a la diversidad en los centros educativos. No obstante, para avanzar hacia un modelo más inclusivo, hay que repensar la evaluación psicopedagógica para dejar atrás el modelo clínico y las necesidades individuales e identificar barreras en el aprendizaje y la participación.
Educational  guidance  practitioners(EGPs)  have  several  responsibilities, one  of  thembeing  the identification ofstudents’ educational needs. Psycho-pedagogicalassessment serves as a system for gathering information that involves both EGPs and teachers. This process can be approached from a  clinical  model  focused  on  diagnosis,or from an  inclusive  model  focused  on  identifying barriers.  The  purpose  of  this  study  is  to  explore  teachers’  perceptions  of psycho-pedagogicalassessment as a resource for addressing diversity. The study employs a quantitative methodology. The data collection instrument was an ad hoc questionnaire, which was completed by 442 teachers from  all  educational  levels  in  the  Autonomous  Community  of  Aragon.  The  results  show  that teachers  view psycho-pedagogicalassessment  positively  as  an  educational  resource to  address diversity.  There  is  no  specific  teacher  profile  that  requests  more  or  fewer  psycho-educational assessments  from  guidance  services,  but some characteristic  traits  have  been  identified,which influence requests for such assessments. In conclusion, psycho-pedagogicalassessment remains a  resource  sought  by  teachers  to  address  diversity  in  schools.  However,  to  move  toward  a  more inclusive  model, psycho-pedagogicalassessment  must  be  revisitedto  move  beyond  the  clinical model and individual needs, focusing more on identifyingbarriers to learning and participation. Key   Words:Educational Guidance;Inclusive   Education;   Psycho-pedagogical   Assessment; Diagnosis; Teaching Staff.Cómo citar este artículo: Cid-Romero,  E.,  Dieste-Gracia,  B.,  y  Blasco-Serrano,  A.C. (2026). Repensar  la  evaluación psicopedagógica, entre el modelo clínico y el modelo inclusivo. Revista Española de Orientación y Psicopedagogía, 37(1), 7-27. https://doi.org/10.5944/reop.vol.37.num.1.2026.43180</subfield>
  </datafield>
  <datafield tag="506" ind1="0" ind2=" ">
    <subfield code="a">Access copy available to the general public</subfield>
    <subfield code="f">Unrestricted</subfield>
  </datafield>
  <datafield tag="536" ind1=" " ind2=" ">
    <subfield code="9">info:eu-repo/grantAgreement/ES/DGA/S49-23R</subfield>
  </datafield>
  <datafield tag="540" ind1=" " ind2=" ">
    <subfield code="9">info:eu-repo/semantics/openAccess</subfield>
    <subfield code="a">by-nc</subfield>
    <subfield code="u">https://creativecommons.org/licenses/by-nc/4.0/deed.es</subfield>
  </datafield>
  <datafield tag="655" ind1=" " ind2="4">
    <subfield code="a">info:eu-repo/semantics/article</subfield>
    <subfield code="v">info:eu-repo/semantics/publishedVersion</subfield>
  </datafield>
  <datafield tag="700" ind1=" " ind2=" ">
    <subfield code="a">Dieste Gracia, Belén</subfield>
    <subfield code="u">Universidad de Zaragoza</subfield>
    <subfield code="0">(orcid)0000-0002-7262-896X</subfield>
  </datafield>
  <datafield tag="700" ind1=" " ind2=" ">
    <subfield code="a">Blasco Serrano, Ana Cristina</subfield>
    <subfield code="u">Universidad de Zaragoza</subfield>
    <subfield code="0">(orcid)0000-0002-4294-2982</subfield>
  </datafield>
  <datafield tag="710" ind1="2" ind2=" ">
    <subfield code="1">4001</subfield>
    <subfield code="2">215</subfield>
    <subfield code="a">Universidad de Zaragoza</subfield>
    <subfield code="b">Dpto. Ciencias de la Educación</subfield>
    <subfield code="c">Área Didáctica y Organiz. Esc.</subfield>
  </datafield>
  <datafield tag="710" ind1="2" ind2=" ">
    <subfield code="1">4001</subfield>
    <subfield code="2">625</subfield>
    <subfield code="a">Universidad de Zaragoza</subfield>
    <subfield code="b">Dpto. Ciencias de la Educación</subfield>
    <subfield code="c">Área Métod.Invest.Diag.Educac.</subfield>
  </datafield>
  <datafield tag="773" ind1=" " ind2=" ">
    <subfield code="g">37, 1 (2026), 7-27</subfield>
    <subfield code="p">Rev. esp. orientac. psicopedag.</subfield>
    <subfield code="t">Revista Española de Orientacion y Psicopedagogia</subfield>
    <subfield code="x">1139-7853</subfield>
  </datafield>
  <datafield tag="856" ind1="4" ind2=" ">
    <subfield code="s">730114</subfield>
    <subfield code="u">http://zaguan.unizar.es/record/170999/files/texto_completo.pdf</subfield>
    <subfield code="y">Versión publicada</subfield>
  </datafield>
  <datafield tag="856" ind1="4" ind2=" ">
    <subfield code="s">1537871</subfield>
    <subfield code="u">http://zaguan.unizar.es/record/170999/files/texto_completo.jpg?subformat=icon</subfield>
    <subfield code="x">icon</subfield>
    <subfield code="y">Versión publicada</subfield>
  </datafield>
  <datafield tag="909" ind1="C" ind2="O">
    <subfield code="o">oai:zaguan.unizar.es:170999</subfield>
    <subfield code="p">articulos</subfield>
    <subfield code="p">driver</subfield>
  </datafield>
  <datafield tag="951" ind1=" " ind2=" ">
    <subfield code="a">2026-04-30-13:58:44</subfield>
  </datafield>
  <datafield tag="980" ind1=" " ind2=" ">
    <subfield code="a">ARTICLE</subfield>
  </datafield>
</record>
</collection>